00750 a2200205 4500999001700000010001400017020002600031035001300057037001600070082001300086100001800099245009500117250001300212260004200225270006700267300002800334500003400362942003300396952011500429 c10514d10514 aENG-89362 a9788189938024c595.00 aEN-72895 bDBAD / PUB14a658.40951 aKunda, Gideon1 a Engineering culture:bcontrol and commitment in a High-Tech corporation/cby Gideon Kunda arev. ed. aNew DelhibOverseas Press Indiac2007 a7/28 Ansari Road,DaryaganjbDelhie110002mwww.overseaspub.com axi,307 p.c23cm ( Pbk.) aIncludes references and index adplcENk658.4095 / KUN2ddc 00102ddc4070aDBADbDBADg595.00l0o658.4095pEN-72895r2008-09-15 00:00:00u11578v595.00w2008-09-15yEN